Essential financial accounting : for managers
| Main Author: | Chadwick, Leslie |
|---|---|
| Published: |
New York:
Financial Times/Prentice Hall,
2001.
|
| Subjects: |
| LEADER | 00553cam a2200169 7i4500 | ||
|---|---|---|---|
| 001 | 0000003748 | ||
| 005 | 20170218090000.0 | ||
| 020 | |a 9780273646594 | ||
| 020 | |a 0273646591 (pbk.) | ||
| 090 | 0 | 0 | |a HF5635 |b .C43 2001 |
| 100 | 1 | |a Chadwick, Leslie | |
| 245 | 1 | 0 | |a Essential financial accounting : |b for managers |c Leslie Chadwick. |
| 260 | |a New York: |b Financial Times/Prentice Hall, |c 2001. | ||
| 300 | |a viii, 128 p.: |b ill.; |c 24 cm. | ||
| 650 | 0 | 0 | |a Accounting |
| 997 | |a Business & Accountancy, Faculty | ||
| 999 | |a 0000004252 |b BOK |c OPEN SHELF |e 1st Floor, Shah Alam | ||


